书目信息 |
| 题名: |
推土铲运机驾驶员(技师)
|
|
| 作者: | ;建设部人事教育司 组织编写 | |
| 分册: | ||
| 出版信息: | 北京 中国建筑工业出版社 2005 |
|
| 页数: | 215页 | |
| 开本: | 20cm | |
| 丛书名: | ||
| 单 册: | ||
| 中图分类: | TU623.5 | |
| 科图分类: | ||
| 主题词: | 挖掘机械 , 铲土运输机械 | |
| 电子资源: | ||
| ISBN: | 7-112-07661-7 | |
| 000 | 00671nam0 2200205 450 | |
| 001 | 0633486578 | |
| 005 | 20061123102353.71 | |
| 010 | @a7-112-07661-7@dCNY 15.00 | |
| 100 | @a20061112d2005 km y0chiy0120 ea | |
| 101 | 0 | @achi |
| 102 | @aCN@b110000 | |
| 200 | 1 | @a推土铲运机驾驶员(技师)@Atui tu chan yun ji jia shi yuan(ji shi)@f建设部人事教育司组织编写@Fjian she bu ren shi jiao yu si zu zhi bian xie |
| 210 | @a北京@c中国建筑工业出版社@d2005 | |
| 215 | @a215页@d20cm | |
| 606 | 0 | @a挖掘机械 |
| 606 | 0 | @a铲土运输机械 |
| 690 | @aTU623.5@v4 | |
| 711 | 0 | @a建设部人事教育司@Ajian she bu ren shi jiao yu si@4组织编写 |
| 801 | @aCN@c20061123 | |
| 905 | @a10447@dTU623.5@eJ310 | |
| 推土铲运机驾驶员(技师)/建设部人事教育司组织编写.-北京:中国建筑工业出版社,2005 |
| 215页;20cm |
| ISBN 7-112-07661-7:CNY 15.00 |
| ● |
| 相关链接 |
|
|
|
正题名:推土铲运机驾驶员(技师)
索取号:TU623.5/J310
 
预约/预借
| 序号 | 登录号 | 条形码 | 馆藏地/架位号 | 状态 | 备注 |
| 1 | 614667 | 206146678 | 建筑库201/201建筑库 12排4列2层/ [索取号:TU623.5/J310] | 在馆 | |
| 2 | 614668 | 206146687 | 建筑库201/201建筑库 12排4列2层/ [索取号:TU623.5/J310] | 在馆 |